<?xml version="1.0" encoding="UTF-8"?><?xml-stylesheet type="text/xsl" href="static/style.xsl"?><OAI-PMH xmlns="http://www.openarchives.org/OAI/2.0/" xmlns:xsi="http://www.w3.org/2001/XMLSchema-instance" xsi:schemaLocation="http://www.openarchives.org/OAI/2.0/ http://www.openarchives.org/OAI/2.0/OAI-PMH.xsd"><responseDate>2026-04-17T00:36:05Z</responseDate><request verb="GetRecord" identifier="oai:www.recercat.cat:10256/18428" metadataPrefix="marc">https://recercat.cat/oai/request</request><GetRecord><record><header><identifier>oai:recercat.cat:10256/18428</identifier><datestamp>2024-06-18T13:55:40Z</datestamp><setSpec>com_2072_452955</setSpec><setSpec>com_2072_2054</setSpec><setSpec>col_2072_453073</setSpec></header><metadata><record xmlns="http://www.loc.gov/MARC21/slim" xmlns:dcterms="http://purl.org/dc/terms/" xmlns:xsi="http://www.w3.org/2001/XMLSchema-instance" xmlns:doc="http://www.lyncode.com/xoai" xsi:schemaLocation="http://www.loc.gov/MARC21/slim http://www.loc.gov/standards/marcxml/schema/MARC21slim.xsd">
   <leader>00925njm 22002777a 4500</leader>
   <datafield ind2=" " ind1=" " tag="042">
      <subfield code="a">dc</subfield>
   </datafield>
   <datafield ind2=" " ind1=" " tag="720">
      <subfield code="a">Stasyuk, Anton J.</subfield>
      <subfield code="e">author</subfield>
   </datafield>
   <datafield ind2=" " ind1=" " tag="720">
      <subfield code="a">Stasyuk, Olga A.</subfield>
      <subfield code="e">author</subfield>
   </datafield>
   <datafield ind2=" " ind1=" " tag="720">
      <subfield code="a">Solà i Puig, Miquel</subfield>
      <subfield code="e">author</subfield>
   </datafield>
   <datafield ind2=" " ind1=" " tag="720">
      <subfield code="a">Voityuk, Alexander A.</subfield>
      <subfield code="e">author</subfield>
   </datafield>
   <datafield ind2=" " ind1=" " tag="260">
      <subfield code="c">info:eu-repo/date/embargoEnd/2021-08-21</subfield>
   </datafield>
   <datafield ind2=" " ind1=" " tag="260">
      <subfield code="c">2020-08-21</subfield>
   </datafield>
   <datafield ind2=" " ind1=" " tag="520">
      <subfield code="a">A triquinoline cationic moiety (TQ⋅H+) has recently been designed as a novel molecular unit for supramolecular chemistry. In addition to some useful features, TQ⋅H+ has strong electron‐acceptor properties, which renders the molecular cation a unique element in nanochemistry. TQ⋅H+ is found to form complexes with coronene (COR) and cycloparaphenylene (CPP). In this work, we report a computational study of photoinduced electron transfer in supramolecular complexes TQ⋅H+‐COR, TQ⋅H+⊂[12]CPP and (TQ⋅H+‐COR)⊂[12]CPP. The electron‐transfer rates are estimated by using the semi‐classical approach. The results are compared with the data previously obtained for a structurally similar inclusion complex Li+@C60⊂[10]CPP. In particular, we found a red solvatochromic shift for charge‐shift bands in the TQ⋅H+‐complexes unlike a blueshift showed by Li+@C60⊂[10]CPP. This distinction is explored in terms of electronic and structural features of the systems</subfield>
   </datafield>
   <datafield ind2=" " ind1=" " tag="520">
      <subfield code="a">We are grateful for financial support from the Spanish MINECO (Network RED2018-102815-T, project CTQ2017‐85341‐P, and Juan de la Cierva formación contracts FJCI‐2016‐29448 to A.J.S. and FJCI‐2017‐32757 to O.A.S.), and the Catalan DIUE (2017SGR39, XRQTC, and ICREA Academia 2014 Award to M.S.).</subfield>
   </datafield>
   <datafield ind1="8" ind2=" " tag="024">
      <subfield code="a">http://hdl.handle.net/10256/18428</subfield>
   </datafield>
   <datafield tag="653" ind2=" " ind1=" ">
      <subfield code="a">Química supramolecular</subfield>
   </datafield>
   <datafield tag="653" ind2=" " ind1=" ">
      <subfield code="a">Supramolecular chemistry</subfield>
   </datafield>
   <datafield tag="653" ind2=" " ind1=" ">
      <subfield code="a">Transferència de càrrega</subfield>
   </datafield>
   <datafield tag="653" ind2=" " ind1=" ">
      <subfield code="a">Charge transfer</subfield>
   </datafield>
   <datafield tag="653" ind2=" " ind1=" ">
      <subfield code="a">Ful·lerens</subfield>
   </datafield>
   <datafield tag="653" ind2=" " ind1=" ">
      <subfield code="a">Fullerenes</subfield>
   </datafield>
   <datafield ind2="0" ind1="0" tag="245">
      <subfield code="a">Triquinoline‐ versus Fullerene‐Based Cycloparaphenylene Ionic Complexes: Comparison of Photoinduced Charge‐Shift Reactions</subfield>
   </datafield>
</record></metadata></record></GetRecord></OAI-PMH>